| 000 | 01062cam a2200265 a 4500 | ||
|---|---|---|---|
| 020 | _a0439064864 (hardcover) | ||
| 040 | _cDLC | ||
| 082 | 0 | 0 | _a823 ART 1999 A094 Or. |
| 100 | 1 | _aRowling, J. K. | |
| 245 | 1 | 0 | _aHarry Potter and the Chamber of Secrets / |
| 260 |
_aNew York : _bArthur A. Levine Books, _c1999. |
||
| 300 |
_aviii, 341 p. : _bill. ; _c24 cm. |
||
| 500 | _a"Year 2"--Spine. | ||
| 500 | _aSequel to: Harry Potter and the sorcerer's stone. | ||
| 500 | _aSequel: Harry Potter and the prisoner of Azkaban. | ||
| 520 | _aWhen the Chamber of Secrets is opened again at the Hogwarts School for Witchcraft and Wizardry, second-year student Harry Potter finds himself in danger from a dark power that has once more been released on the school. | ||
| 650 | 0 | _aGranger, Hermione (Fictitious character) | |
| 650 | 0 | _aWeasley, Ron (Fictitious character) | |
| 650 | 0 | _aHogwarts School of Witchcraft and Wizardry (Imaginary organization) | |
| 650 | 1 | _aWizards | |
| 650 | 1 | _aMagic | |
| 650 | 1 | _aSchools | |
| 700 | 1 | _aGrandPré, Mary, | |
| 942 | _cEK | ||
| 999 |
_c14057 _d14057 |
||